000 00504nam a22001817a 4500
003 OSt
008 241202b |||||||| |||| 00| 0 eng d
020 _a81-224-0880-X
041 _aeng
082 _a515.352 CHA/EL
100 _aChakrabarti, A
_91445
245 _aElements of Ordinary Differential Equations and Special Functions
250 _aSecond
260 _aNew Delhi:
_bNew Age International Ltd,
_c1990.
300 _a155p.
650 _aOrdinary Differential Equations
_96416
942 _cBK
999 _c18148
_d18148